[Event "FIDE Women Candidates"]
[Site "Pegeia CYP"]
[Date "2026.04.11"]
[Round "11.3"]
[White "Zhu, Jiner"]
[Black "Divya, Deshmukh"]
[Result "1/2-1/2"]
[WhiteTitle "GM"]
[BlackTitle "GM"]
[WhiteElo "2578"]
[BlackElo "2497"]
[WhiteFideId "8608059"]
[BlackFideId "35006916"]
[EventDate "2026.03.29"]

1. e4 c5 2. Nf3 Nc6 3. Bb5 d6 4. O-O Bd7 5. Re1 a6 6. Bxc6 Bxc6 7. d4 cxd4 8.
Nxd4 Rc8 9. c4 g6 10. b3 Nf6 11. Nxc6 Rxc6 12. Bb2 Bg7 13. Nc3 O-O 14. Nd5 e6
15. Nb4 Rc8 16. Qf3 Qe7 17. Rad1 Rfd8 18. h3 Ne8 19. Bxg7 Nxg7 20. Qc3 Qc7 21.
a4 Qa5 22. Qd2 Ne8 23. Nc2 Qxd2 24. Rxd2 Kf8 25. Red1 Ke7 26. Ne3 h5 27. h4 Nf6
28. f3 Nd7 29. Kf2 Nc5 30. Rb1 Rc6 31. Ke2 Rcc8 32. a5 Nd7 33. Kd3 Ne5+ 34. Kc3
f5 35. exf5 gxf5 36. f4 Nc6 37. Re1 Kf7 38. Nc2 d5 39. cxd5 Rxd5 40. Rxd5 Ne7+
41. Kb2 Nxd5 42. g3 Rd8 43. Ne3 Nb4 44. Kc3 Na2+ 45. Kb2 Nb4 46. Kc3 Na2+ 47.
Kb2 Nb4 1/2-1/2